|
|
|
|
| LEADER |
01178nam a2200433 a 4500 |
| 001 |
000000115 |
| 003 |
SVKKK |
| 005 |
20071029133844.0 |
| 008 |
030616c1993 xo e sloo |
| FMT |
|
|
|
| 038 |
|
|
|a SVKKK
|
| 040 |
|
|
|a SVKKK
|b slo
|e AACR2
|
| 041 |
0 |
|
|a slo
|
| 044 |
|
|
|a xo
|
| 080 |
|
|
|a 551.1/.4"615/627
|2 1981
|
| 080 |
|
|
|a 551.3(234.372.43)"615/627
|2 1981
|
| 080 |
|
|
|a 551.8"615/627"(234.372.43)
|2 1981
|
| 100 |
1 |
|
|a Nemčok, Ján
|4 aut
|
| 130 |
0 |
|
|a Vysvetlivky
|
| 245 |
1 |
0 |
|a Vysvetlivky ku geologickej mape Tatier /
|c Nemčok Ján, Nemčok Ján
|
| 250 |
|
|
|a 1. vyd.
|
| 260 |
|
|
|a Bratislava :
|b Geologický ústav Dionýza Štúra,
|c 1993
|
| 300 |
|
|
|a 215 s. :
|b Fotogr., obr., lit. v angl.
|
| 650 |
0 |
4 |
|a druhohory
|
| 650 |
0 |
4 |
|a mapy geologické
|x vysvetlivky
|x štúdie
|x kniha/zborník
|
| 650 |
0 |
4 |
|a paleogeografia
|
| 650 |
0 |
4 |
|a tektonika
|
| 650 |
0 |
4 |
|a treťohory
|
| 650 |
0 |
4 |
|a štvrtohory
|
| 651 |
|
4 |
|a Tatry
|x výskum spoločný medzinárodný
|
| 700 |
1 |
|
|a Nemčok, Ján
|4 aut
|
| 957 |
|
|
|a Poľsko
|
| 957 |
|
|
|a Slovensko
|
| 958 |
|
|
|a NP
|
| 974 |
|
|
|d 940426
|a 245/082
|
| 992 |
|
|
|a AZN
|
| BAS |
|
|
|
| 852 |
|
|
|a SVKKK
|b BIB
|
| 998 |
|
|
|a GEO
|